| 000 | 00678nam a2200229 a 4500 | ||
|---|---|---|---|
| 001 | BRL_740 | ||
| 005 | 20190320210857.0 | ||
| 008 | 011013s195u----gw-#######---#000-0#ger-# | ||
| 041 | _ager | ||
| 044 | _agw | ||
| 050 | 4 |
_aML50.M939 _b.M59 1950 |
|
| 100 | 1 |
_aMozart, Wolfgang Amadeus _d1756-1791 _923512 |
|
| 245 | 1 | 0 |
_aDon Juan _cOperin zwei Aufzügen von Wolfgang Amadeus Mozart ; dichtung von Lorenzo da Ponte. |
| 260 |
_aLeipzig _bPhilipp Reclam Jun. _c[195-] |
||
| 300 |
_a80 p. _c16 cm. |
||
| 440 | 0 |
_aReclams universal Bibliothek _v2646 _924802 |
|
| 500 | _aAu812 | ||
| 650 | 1 | 4 |
_aOpera _923436 |
| 650 | 1 | 4 |
_aLibretos para operas _923437 |
| 902 | _aGRL | ||
| 942 |
_2lcc _cB |
||
| 999 |
_c9552 _d9552 |
||